| 000 | 00365nam a2200121 4500 | ||
|---|---|---|---|
| 999 |
_c13671 _d13671 |
||
| 008 | 190401b ||||| |||| 00| 0 eng d | ||
| 100 |
_938042 _aJaymalin, Mayen |
||
| 245 |
_aGov't to help graduates start own business/ _cMayen Jaymalin |
||
| 260 |
_aPhilippines: _bThe Philippine Star; _cc2018. |
||
| 300 | _apage 13. | ||
| 650 | 0 |
_938043 _aBusiness. |
|
| 942 |
_2ddc _cPER |
||